[Event "Tarragona-ch Seniors"]
[Site "Cambrils"]
[Date "2020.02.27"]
[Round "6.4"]
[White "Costa Berengue, Joan"]
[Black "Regue Farran, Enric"]
[Result "0-1"]
[WhiteElo "1752"]
[BlackElo "1932"]
[PlyCount "40"]
[EventDate "2020.01.23"]
[EventType "swiss"]
[EventRounds "8"]
[EventCountry "ESP"]
[SourceTitle "EXT 2024"]
[Source "ChessBase"]
[SourceDate "2023.10.10"]
[SourceVersion "1"]
[SourceVersionDate "2023.10.10"]
[SourceQuality "1"]

1. e4 c5 2. c3 d5 3. exd5 Qxd5 4. Nf3 Nc6 5. d4 Bg4 6. Be2 0-0-0 7. Be3 cxd4 8. cxd4 e6 9. Nc3 Qa5 10. 0-0 Nf6 11. Qb3 Nd5 12. Nxd5 Rxd5 13. Rac1 Bd6 14. Qc4 Kb8 15. Ng5 Bxe2 16. Qxe2 Rxg5 17. Bxg5 Qxg5 18. Rc4 Rd8 19. g3 Qd5 20. Rfc1 Nxd4 0-1

[Event "Tarragona-ch Seniors"]
[Site "Cambrils"]
[Date "2020.02.06"]
[Round "3.13"]
[White "Mane Casas, Josep"]
[Black "Costa Berengue, Joan"]
[Result "0-1"]
[WhiteElo "1674"]
[BlackElo "1752"]
[PlyCount "106"]
[EventDate "2020.01.23"]
[EventType "swiss"]
[EventRounds "8"]
[EventCountry "ESP"]
[SourceTitle "EXT 2024"]
[Source "ChessBase"]
[SourceDate "2023.10.10"]
[SourceVersion "1"]
[SourceVersionDate "2023.10.10"]
[SourceQuality "1"]

1. d4 Nf6 2. c4 g6 3. Nc3 d5 4. e3 Bg7 5. Bd3 c6 6. Qc2 0-0 7. Nge2 dxc4 8. Bxc4 Nd5 9. Nxd5 cxd5 10. Bd3 Nc6 11. Bd2 Bd7 12. Rc1 e5 13. Bc3 exd4 14. exd4 Qb6 15. 0-0 Nxd4 16. Nxd4 Bxd4 17. Bxd4 Qxd4 18. Qc3 Qxc3 19. Rxc3 Bc6 20. Re1 Rfe8 21. Kf1 Rxe1+ 22. Kxe1 d4 23. Rc4 Rd8 24. Bf1 Bb5 25. Rc1 d3 26. Kd2 Bc6 27. Rc3 Rd5 28. a3 Rg5 29. f3 Kg7 30. b4 a5 31. Rc5 Rxc5 32. bxc5 Kf6 33. Bxd3 Ke5 34. Kc3 Kd5 35. Bc4+ Kxc5 36. Bxf7 b5 37. h4 Bd5 38. Be8 b4+ 39. Kb2 Kd4 40. h5 gxh5 41. Bxh5 Ke3 42. Bg4 Kf4 43. Bd7 Kg3 44. Bc8 h5 45. Bd7 Kxg2 46. f4 h4 47. f5 h3 48. Be6 Be4 49. f6 h2 50. f7 h1Q 51. axb4 Qb1+ 52. Ka3 Qxb4+ 53. Ka2 a4 0-1

[Event "Tarragona Province-ch"]
[Site "Tarragona"]
[Date "2018.11.11"]
[Round "7.13"]
[White "Masalias Mira, Marc"]
[Black "Costa Berengue, Joan"]
[Result "1-0"]
[WhiteElo "1914"]
[BlackElo "1820"]
[PlyCount "75"]
[EventDate "2018.09.30"]
[EventType "swiss"]
[EventRounds "9"]
[EventCountry "ESP"]
[SourceTitle "CBM 187 Extra"]
[Source "ChessBase"]
[SourceDate "2018.11.04"]
[SourceVersion "1"]
[SourceVersionDate "2018.11.04"]
[SourceQuality "1"]

1. e4 e5 2. Nf3 Nc6 3. Nc3 Nf6 4. Bb5 d6 5. d4 Bd7 6. d5 Nb8 7. Bc4 b5 8. Bd3 b4 9. Ne2 c5 10. dxc6 Nxc6 11. c3 Be7 12. Bd2 bxc3 13. Nxc3 Rb8 14. b3 0-0 15. 0-0 Bg4 16. h3 Bxf3 17. Qxf3 Nd4 18. Qg3 Rc8 19. Kh1 Nh5 20. Qh2 Nf4 21. Bc4 Bg5 22. Bxf4 Bxf4 23. g3 Bd2 24. Nd5 Bg5 25. f4 exf4 26. gxf4 Bf6 27. Rad1 Nc6 28. Qg2 Kh8 29. Rd2 g6 30. Ba6 Rb8 31. Nxf6 Qxf6 32. e5 Nxe5 33. fxe5 Qxe5 34. Rd5 Qe7 35. Rfd1 Rfd8 36. Qf3 Rb6 37. Bc4 a5 38. Rxa5 1-0

[Event "Tarragona Province-chA"]
[Site "L'Hospitalet Infant"]
[Date "2016.11.13"]
[Round "7"]
[White "Bru Rullo, Llatzer"]
[Black "Costa Berengue, Joan"]
[Result "1-0"]
[WhiteElo "2256"]
[BlackElo "1850"]
[PlyCount "71"]
[EventDate "2016.10.02"]
[EventType "swiss"]
[EventRounds "9"]
[EventCountry "ESP"]
[SourceTitle "EXT 2018"]
[Source "ChessBase"]
[SourceDate "2017.10.13"]
[SourceVersion "1"]
[SourceVersionDate "2017.10.13"]
[SourceQuality "1"]

1. e4 e5 2. Nf3 Nc6 3. Bb5 a6 4. Ba4 Nf6 5. d4 exd4 6. 0-0 Bc5 7. e5 Nd5 8. c3 Nb6 9. cxd4 Nxa4 10. Qxa4 Be7 11. d5 Na7 12. Qg4 Kf8 13. Nc3 d6 14. e6 c6 15. Qf5 Bf6 16. Ng5 Qe7 17. Nce4 cxd5 18. Nxh7+ Kg8 19. Nhxf6+ gxf6 20. Nxf6+ Kf8 21. Nd7+ Bxd7 22. exd7 Qe6 23. Qxe6 fxe6 24. Bg5 Nc6 25. Rac1 Kf7 26. b4 Kg6 27. f4 e5 28. a4 Kf5 29. h4 Ke6 30. b5 axb5 31. axb5 Nd4 32. Rc7 Ne2+ 33. Kh2 exf4 34. d8Q Raxd8 35. Bxd8 Rxd8 36. Re1 1-0

[Event "Tarragona Province-chA"]
[Site "L'Hospitalet Infant"]
[Date "2016.10.30"]
[Round "5"]
[White "Rodriguez Marin, Jose"]
[Black "Costa Berengue, Joan"]
[Result "0-1"]
[WhiteElo "1667"]
[BlackElo "1850"]
[PlyCount "134"]
[EventDate "2016.10.02"]
[EventType "swiss"]
[EventRounds "9"]
[EventCountry "ESP"]
[SourceTitle "EXT 2018"]
[Source "ChessBase"]
[SourceDate "2017.10.13"]
[SourceVersion "1"]
[SourceVersionDate "2017.10.13"]
[SourceQuality "1"]

1. d4 Nf6 2. Nf3 d5 3. Bf4 e6 4. e3 Bb4+ 5. c3 Bd6 6. Bxd6 Qxd6 7. Bd3 Nbd7 8. 0-0 0-0 9. Nbd2 e5 10. dxe5 Nxe5 11. Nxe5 Qxe5 12. Nf3 Qh5 13. h3 Bd7 14. Nd4 Qxd1 15. Raxd1 Rad8 16. Rfe1 Rfe8 17. f3 Re7 18. g4 Rde8 19. Kf2 h6 20. Re2 a6 21. Rde1 c5 22. Nf5 Bxf5 23. Bxf5 b5 24. Bd3 Nd7 25. b3 Nb6 26. Bc2 a5 27. e4 Kf8 28. e5 b4 29. cxb4 axb4 30. f4 c4 31. bxc4 dxc4 32. Rd1 Ra7 33. Rd6 Re6 34. Bf5 Rxd6 35. exd6 b3 36. axb3 cxb3 37. h4 Ra2 38. Bb1 Rxe2+ 39. Kxe2 Nc4 40. Kd1 Ke8 41. g5 h5 42. Bd3 Nxd6 43. Kc1 Ke7 44. Kb2 Nb7 45. Be2 Nc5 46. Bxh5 Nd3+ 47. Kxb3 Nxf4 48. Bg4 g6 49. Kc4 Ng2 50. h5 Ne3+ 51. Kd4 Nxg4 52. hxg6 fxg6 53. Ke4 Ke6 54. Kf4 Ne5 55. Ke4 Nf7 56. Kf4 Kd5 57. Kg4 Ke4 58. Kh4 Kf4 59. Kh3 Nxg5+ 60. Kh4 Nf3+ 61. Kh3 g5 62. Kg2 Kg4 63. Kh1 Nh4 64. Kh2 Kf3 65. Kh3 g4+ 66. Kh2 Kf2 67. Kh1 Nf5 0-1

[Event "Tarragona Province-ch"]
[Site "Tarragona"]
[Date "2015.11.29"]
[Round "9"]
[White "Mane Casas, Josep"]
[Black "Costa Berengue, Joan"]
[Result "1/2-1/2"]
[WhiteElo "1921"]
[BlackElo "2004"]
[PlyCount "111"]
[EventDate "2015.09.27"]
[EventType "swiss"]
[EventRounds "9"]
[EventCountry "ESP"]
[SourceTitle "EXT 2017"]
[Source "ChessBase"]
[SourceDate "2016.10.25"]
[SourceVersion "1"]
[SourceVersionDate "2016.10.25"]
[SourceQuality "1"]

1. d4 Nf6 2. c4 g6 3. Nc3 d5 4. e3 Bg7 5. Nf3 0-0 6. Be2 c5 7. cxd5 Nxd5 8. 0-0 Nxc3 9. bxc3 Nc6 10. Qc2 Bg4 11. Rd1 Qa5 12. Bd2 e6 13. h3 Bxf3 14. Bxf3 Qc7 15. Rab1 Rac8 16. Qb3 b6 17. Qb5 Rfd8 18. Bxc6 Qxc6 19. Qxc6 Rxc6 20. Bc1 Rdc8 21. Bb2 cxd4 22. cxd4 Rc2 23. Kf1 R8c4 24. Rdc1 Rxb2 25. Rxc4 Rxb1+ 26. Ke2 Rb2+ 27. Kf3 Rxa2 28. e4 Rd2 29. Ke3 Rd1 30. f3 Bxd4+ 31. Ke2 Rg1 32. Rxd4 Rxg2+ 33. Ke3 Rc2 34. Rd3 a5 35. Rb3 Rc6 36. h4 h5 37. e5 a4 38. Rb4 Rc3+ 39. Kf4 a3 40. Rxb6 a2 41. Ra6 Rc2 42. Ra8+ Kg7 43. Ra7 Rh2 44. Kg3 Re2 45. Kf4 g5+ 46. hxg5 h4 47. Kg4 h3 48. Kxh3 Rxe5 49. Kg4 Re2 50. f4 Kg6 51. Ra5 f6 52. gxf6 Kxf6 53. Kf3 Rb2 54. Kg4 Rc2 55. Kf3 Rc3+ 56. Ke4 1/2-1/2

[Event "Tarragona Province-ch"]
[Site "Tarragona"]
[Date "2015.11.22"]
[Round "8"]
[White "Costa Berengue, Joan"]
[Black "Gallimo Llao, Enric"]
[Result "1/2-1/2"]
[WhiteElo "2004"]
[BlackElo "2055"]
[PlyCount "112"]
[EventDate "2015.09.27"]
[EventType "swiss"]
[EventRounds "9"]
[EventCountry "ESP"]
[SourceTitle "EXT 2017"]
[Source "ChessBase"]
[SourceDate "2016.10.25"]
[SourceVersion "1"]
[SourceVersionDate "2016.10.25"]
[SourceQuality "1"]

1. e4 c6 2. d4 d5 3. Nc3 dxe4 4. Nxe4 e5 5. Bc4 Qxd4 6. Qxd4 exd4 7. Nf3 c5 8. Ne5 Be6 9. Bb5+ Nd7 10. 0-0 0-0-0 11. Bf4 Nxe5 12. Bxe5 f6 13. Bg3 Bd5 14. Rfe1 a6 15. Bf1 Bxe4 16. Rxe4 Bd6 17. Bxd6 Rxd6 18. b4 cxb4 19. Rd1 Nh6 20. Rexd4 Rxd4 21. Rxd4 a5 22. Rd5 b6 23. Rd6 Kc7 24. Re6 Rd8 25. Bd3 f5 26. Kf1 g6 27. Ke2 Nf7 28. Re7+ Rd7 29. Rxd7+ Kxd7 30. f4 Nd6 31. Ke3 Kc6 32. Kd4 Nb5+ 33. Ke5 Nc3 34. Bc4 b5 35. Bg8 Kc5 36. Kf6 Nd5+ 37. Bxd5 Kxd5 38. Kg7 Kc4 39. Kxh7 Kc3 40. Kxg6 Kxc2 41. h4 b3 42. axb3 Kxb3 43. h5 Ka2 44. h6 b4 45. h7 b3 46. h8Q a4 47. Qd4 a3 48. Qc4 Kb2 49. Kxf5 a2 50. Qd4+ Kb1 51. Qd1+ Kb2 52. Qd2+ Kb1 53. Qc3 b2 54. Qb3 a1Q 55. Qd1+ Ka2 56. Qa4+ Kb1 1/2-1/2

[Event "Tarragona-ch Seniors"]
[Site "Cambrils"]
[Date "2015.03.05"]
[Round "6.3"]
[White "Costa Berengue, Joan"]
[Black "Terreu Serra, Francesco"]
[Result "0-1"]
[WhiteElo "2022"]
[BlackElo "2069"]
[PlyCount "90"]
[EventDate "2015.01.29"]
[EventType "swiss"]
[EventRounds "8"]
[EventCountry "ESP"]
[SourceTitle "EXT 2024"]
[Source "ChessBase"]
[SourceDate "2023.10.10"]
[SourceVersion "1"]
[SourceVersionDate "2023.10.10"]
[SourceQuality "1"]

1. e4 e6 2. d4 d5 3. Nc3 Bb4 4. Nge2 dxe4 5. a3 Bxc3+ 6. Nxc3 Nc6 7. Bb5 Bd7 8. d5 exd5 9. Qxd5 Nf6 10. Qd1 a6 11. Ba4 Qe7 12. 0-0 0-0-0 13. Qe2 Nd4 14. Qe3 Bxa4 15. Nxa4 Nxc2 16. Qa7 Kd7 17. Nb6+ Ke8 18. Qxb7 Nxa1 19. Qc6+ Kf8 20. Be3 cxb6 21. Bxb6 Qe6 22. Qxe6 fxe6 23. Bxd8 Nb3 24. Re1 Kf7 25. Bxf6 Kxf6 26. Rxe4 Rd8 27. g3 Rd2 28. Rb4 Rxb2 29. Rb6 a5 30. Rb5 g6 31. h4 h5 32. Kg2 Rb1 33. Kh2 Nd2 34. Rxa5 Ra1 35. a4 Ne4 36. f3 Ra2+ 37. Kh3 Nf2+ 38. Kg2 Ng4+ 39. Kg1 Ne5 40. f4 Nc4 41. Rg5 Rxa4 42. g4 hxg4 43. Rxg4 Ne3 44. Rg3 Nf5 45. Rg4 Nh6 0-1

[Event "Tarragona-ch Seniors"]
[Site "Cambrils"]
[Date "2015.02.19"]
[Round "4.5"]
[White "Costa Berengue, Joan"]
[Black "Figueras Perez, Robert"]
[Result "1-0"]
[WhiteElo "2022"]
[BlackElo "1917"]
[PlyCount "91"]
[EventDate "2015.01.29"]
[EventType "swiss"]
[EventRounds "8"]
[EventCountry "ESP"]
[SourceTitle "EXT 2024"]
[Source "ChessBase"]
[SourceDate "2023.10.10"]
[SourceVersion "1"]
[SourceVersionDate "2023.10.10"]
[SourceQuality "1"]

1. e4 c5 2. Nf3 d6 3. d4 cxd4 4. Nxd4 Nf6 5. Nc3 a6 6. Bc4 e6 7. 0-0 Be7 8. a3 Nbd7 9. f3 b5 10. Ba2 Bb7 11. Be3 0-0 12. Qe1 d5 13. exd5 Nxd5 14. Nxd5 Bxd5 15. Bxd5 exd5 16. Nc6 Qe8 17. Nxe7+ Qxe7 18. Bd4 Qd6 19. Qd2 Nf6 20. c3 Rad8 21. Rae1 h6 22. Re2 Rd7 23. Rfe1 Nh7 24. Be5 Qg6 25. Qf4 Ng5 26. Qg3 Ne6 27. Qxg6 fxg6 28. Bd6 Nf4 29. Bxf4 Rxf4 30. Re6 Rf6 31. Rxf6 gxf6 32. Re6 d4 33. cxd4 Rxd4 34. Rxa6 Kf7 35. b4 Rd2 36. Ra5 Ra2 37. Rxb5 Rxa3 38. Rb8 h5 39. b5 Rb3 40. Kf2 Rb2+ 41. Kg3 h4+ 42. Kh3 g5 43. b6 f5 44. b7 g4+ 45. fxg4 fxg4+ 46. Kxh4 1-0

[Event "Tarragona Province-ch Seniors"]
[Site "Salou"]
[Date "2014.02.06"]
[Round "2"]
[White "Guasch Murtra, Josep Maria"]
[Black "Costa Berengue, Joan"]
[Result "1-0"]
[WhiteElo "2129"]
[BlackElo "2005"]
[PlyCount "63"]
[EventDate "2014.01.30"]
[EventType "swiss"]
[EventRounds "8"]
[EventCountry "ESP"]
[SourceTitle "EXT 2024"]
[Source "ChessBase"]
[SourceDate "2023.10.10"]
[SourceVersion "1"]
[SourceVersionDate "2023.10.10"]
[SourceQuality "1"]

1. Nf3 Nf6 2. g3 d5 3. d4 e6 4. Bg2 Bd6 5. 0-0 Nbd7 6. c4 dxc4 7. Qa4 0-0 8. Qxc4 Re8 9. Nc3 Nb6 10. Qd3 c5 11. dxc5 Bxc5 12. Qb5 Be7 13. Rd1 Bd7 14. Qb3 Qc7 15. Bf4 Qc4 16. Qxc4 Nxc4 17. b3 Na5 18. Ne5 Bc6 19. Nxc6 Nxc6 20. Nb5 e5 21. Be3 Rec8 22. Bh3 Rd8 23. Rxd8+ Bxd8 24. Nd6 Rb8 25. Bg2 Na5 26. b4 Be7 27. bxa5 Bxd6 28. Bxa7 Ra8 29. Bb6 Rb8 30. Rd1 Ne8 31. h4 Kf8 32. Rxd6 1-0

[Event "Tarragona Province-ch Seniors"]
[Site "Cambrils"]
[Date "2013.02.28"]
[Round "5"]
[White "Margalef Guell, Jordi"]
[Black "Costa Berengue, Joan"]
[Result "0-1"]
[WhiteElo "1979"]
[BlackElo "1862"]
[PlyCount "36"]
[EventDate "2013.01.31"]
[EventType "swiss"]
[EventRounds "8"]
[EventCountry "ESP"]
[SourceTitle "EXT 2017"]
[Source "ChessBase"]
[SourceDate "2016.10.25"]
[SourceVersion "1"]
[SourceVersionDate "2016.10.25"]
[SourceQuality "1"]

1. e4 e5 2. Nf3 Nc6 3. Bb5 a6 4. Ba4 Nf6 5. Qe2 Be7 6. 0-0 d6 7. c3 b5 8. Bb3 Bg4 9. a4 b4 10. Qc4 Na5 11. Qxf7+ Kd7 12. Ng5 Nxb3 13. Qxb3 h6 14. f3 hxg5 15. fxg4 Rxh2 16. Rxf6 Qh8 17. Qe6+ Kd8 18. Rf1 Qh4 0-1